Chaco aborigen ii (folleto) /

Guardado en:
Formato: Libro
Publicado: : , 0
Materias:
Fc
Etiquetas: Agregar Etiqueta
Sin Etiquetas, Sea el primero en etiquetar este registro!
LEADER 00370nam a22001455a 4500
001 CEM.cems008016
005 20060214000000.0
008 130507b######################000#0#####d
003 CEMS
082 0 4 |a F572 
245 0 0 |a Chaco aborigen ii (folleto) / 
260 |a  :  |b , 0 
653 |a Fc 
653 |a Indios argentinos 
859 |a CEMS  |b BIB. CEMS - 11 de abril  |h F572  |i 6-3  |p 513.44  |t Ej.1